=LDR 00000nam 2200000 4500 =001 INLIS000000000006896 =005 20130612095000 =008 ***********************************Ind** =035 ##$$0010-061300000006896 =041 ##$$a Ind =082 ##$$a 819.2 =090 ##$$a 819.2, Pen p =100 ##$$a Jamari =245 ##$$a Pengembara (Candhini), Djamari =260 ##$$a P $b Jakarta =300 ##$$a v, 68 hlm., Ilus., 18 cm =650 ##$$a Kesusastraan Jawa